MARC

LEADER 00000nam0a2200000 4500
001 265703
005 20231101233937.0
035 |a (RuTPU)RU\TPU\book\288705 
090 |a 265703 
100 |a 20140630d1986 k y0rusy50 ca 
101 0 |a rus 
102 |a KZ 
105 |a a z 001zy 
200 1 |a Пути совершенствования техники и технологии бурения скважин  |e межвузовский сборник научных трудов  |f Казахский политехнический институт (КазПТИ) ; под ред. Е. Л. Лиманова 
210 |a Алма-Ата  |c Изд-во КазПИ  |d 1986 
215 |a 103 с.  |c ил. 
320 |a Библиогр. в конце ст. 
606 1 |a Бурение  |x Оптимизация  |2 stltpush  |3 (RuTPU)RU\TPU\subj\30235  |9 53367 
610 1 |a горное дело 
610 1 |a скважины 
610 1 |a колонковое бурение 
610 1 |a алмазное бурение 
610 1 |a колонки 
610 1 |a технические средства 
610 1 |a полезные ископаемые 
610 1 |a дизели 
610 1 |a разрушение 
610 1 |a обсадные колонны 
610 1 |a бурильные колонны 
610 1 |a нефтеразведочные скважины 
610 1 |a искривления 
610 1 |a глинистые растворы 
610 1 |a прочность 
610 1 |a сцепление 
610 1 |a цементный камень 
610 1 |a сложные геологические условия 
610 1 |a Казахстан 
610 1 |a нефтяные месторождения 
610 1 |a гидроударное бурение 
610 1 |a керноотборные устройства 
610 1 |a научные труды 
675 |a 622.24  |v 3 
702 1 |a Лиманов  |b Е. Л.  |4 340 
712 0 2 |a Казахский политехнический институт (КазПТИ)  |c (1960-1994)  |c (Алма-Ата)  |2 stltpush  |3 (RuTPU)RU\TPU\col\316 
801 1 |a RU  |b 63413507  |c 20140630 
801 2 |a RU  |b 63413507  |c 20160202  |g RCR 
942 |c BK